000 00250nam a2200133Ia 4500
100 _aDasgupta/Sanjoy
942 _cBK
366 _f20
245 _aAlgorithms
260 _bMc Graw Hill
_c2008
300 _a320
546 _aENGLISH
999 _c25741
_d25741